| 000 | 00827nam a22002417a 4500 | ||
|---|---|---|---|
| 003 | OSt | ||
| 005 | 20260416123937.0 | ||
| 008 | 260413b |||||||| |||| 00| 0 eng d | ||
| 037 | _cThesis | ||
| 040 |
_aFEDL _beng _cFEDL |
||
| 041 |
_aeng _heng |
||
| 082 | _a378.54 SAH/TH | ||
| 100 |
_aSahoo, Ranjan Kumar _91234776 |
||
| 110 | _aUniversity of Delhi. Department of Education | ||
| 245 |
_aCritical analysis of higher education in contemporary India/ _cby Ranjan Kumar Sahoo; Supervised by Pankaj Arora and Pranita Gopal. |
||
| 260 |
_aUniversity of Delhi _c2025 |
||
| 300 | _axix, 289p. | ||
| 650 | _aHIGHER EDUCATION | ||
| 700 |
_aArora, Pankaj. Supervisor. _91234777 |
||
| 700 |
_aGopal, Pranita. Supervisor. _91234967 |
||
| 942 |
_2ddc _cTH _h378.54 SAH/TH _n0 |
||
| 999 |
_c1848261 _d1848261 |
||